| 000 | 00000cam 2200000zi 4500 |
| 001 | 9.963156 |
| 003 | CaOODSP |
| 005 | 20260528152001 |
| 006 | m o d f |
| 007 | cr |n||||||||| |
| 008 | 260528e202605##onc ob f|0| 0 eng d |
| 040 | |aCaOODSP|beng|erda|cCaOODSP |
| 043 | |an-cn--- |
| 086 | 1 |aXC71-1/1-451-4E-PDF |
| 110 | 1 |aCanada. |bParliament. |bHouse of Commons. |bStanding Committee on the Status of Women, |eauthor, |eissuing body. |
| 245 | 10|aPreventing violence against women : |bCriminal Code peace bonds, bail and sentencing reforms in Canada / |cDominique Vien, chair. |
| 264 | 1|a[Ottawa] : |bHouse of Commons, Canada = Chambre des communes, Canada, |cMay 2026. |
| 300 | |a1 online resource (viii, 64 pages) |
| 336 | |atext|btxt|2rdacontent |
| 337 | |acomputer|bc|2rdamedia |
| 338 | |aonline resource|bcr|2rdacarrier |
| 490 | 1 |aReport of the Standing Committee on the Status of Women ; |v4th report, 45th Parliament, 1st Session |
| 500 | |aIssued also in French under title: Prévenir la violence contre les femmes : réformes des dispositions du Code criminel relatives aux engagements de ne pas troubler l'ordre public, à la mise en liberté sous caution et à la détermination de la peine au Canada. |
| 504 | |aIncludes bibliographical references. |
| 610 | 10|aCanada. |tCriminal Code. |
| 650 | 0|aGender-based violence|xPrevention|xGovernment policy|zCanada. |
| 650 | 0|aBail|zCanada. |
| 650 | 0|aSentences (Criminal procedure)|zCanada. |
| 700 | 1 |aVien, Dominique. |
| 775 | 08|tPrévenir la violence contre les femmes : |w(CaOODSP)9.963159 |
| 830 | #0|aReport of the Standing Committee on the Status of Women ;|v4th report, 45th Parliament, 1st Session.|w(CaOODSP)9.506808 |
| 856 | 40|qPDF|s4.01 MB|uhttps://publications.gc.ca/collections/collection_2026/parl/xc71-1/XC71-1-1-451-4-eng.pdf |
| 856 | 4 |qHTML|sN/A|uhttps://www.ourcommons.ca/documentviewer/en/45-1/FEWO/report-4 |